AFC East Winners since 2002 - Statistics

General Stats
  • This quiz has been taken 225 times
    30 since last reset
  • The average score is 24 of 24
Answer Stats
Year AFC East Winner Record % Correct
2025 New England Patriots 14-3
100%
2019 New England Patriots 12-4
100%
2018 New England Patriots 11-5
100%
2017 New England Patriots 13-3
100%
2016 New England Patriots 14-2
100%
2015 New England Patriots 12-4
100%
2014 New England Patriots 12-4
100%
2013 New England Patriots 12-4
100%
2012 New England Patriots 12-4
100%
2011 New England Patriots 13-3
100%
2010 New England Patriots 14-2
100%
2009 New England Patriots 10-6
100%
2024 Buffalo Bills 13-4
96%
2023 Buffalo Bills 11-6
96%
2022 Buffalo Bills 13-3
96%
2021 Buffalo Bills 11-6
96%
2020 Buffalo Bills 13-3
96%
2007 New England Patriots 16-0
96%
2006 New England Patriots 12-4
96%
2005 New England Patriots 10-6
96%
2004 New England Patriots 14-2
96%
2003 New England Patriots 14-2
96%
2002 New York Jets 9-7
96%
2008 Miami Dolphins 11-5
93%
No matching quizzes found
Score Distribution
Percent of People with Each Score
Percentile by Number Answered
Your Score History
You have not taken this quiz since the last reset